The print books : fun things to make ad do with print
| Main Author: | |
|---|---|
| Format: | Book |
| Published: |
London ,
Two-Can Publishing , 1989
|
| Series: | Jump! Craft book
|
| Subjects: |
MARC
| LEADER | 00000cam a2200000 7i4500 | ||
|---|---|---|---|
| 001 | 0000004429 | ||
| 002 | 000004760 | ||
| 005 | 20000330.0 | ||
| 020 | |a 1854340565 | ||
| 090 | 0 | 0 | |a J 745.5 |b JUM |
| 100 | 1 | |a Tofts, Hannah | |
| 245 | 1 | 4 | |a The print books : |b fun things to make ad do with print |c Hannah Tofts |
| 260 | |a London , |c Two-Can Publishing , |c 1989 | ||
| 300 | |a 32 p. : |b ill. ; |c 23 cm. | ||
| 490 | 0 | |a Jump! Craft book | |
| 650 | 0 | 0 | |a Handicraft |x Juvenile literature |
| 999 | |a 030651 |b BUKU |c PINJAMAN |e PERPUSTAKAAN KOMUNITI PETALING JAYA | ||